Il farmaco e l'unguento: la produzione di Priene fra Ellenismo e Impero

Enregistré dans:
Détails bibliographiques
Auteur principal: Arena, Gaetano (Auteur)
Format: Livre
Langue:italien
Publié: Roma Bonanno 2013
Édition:1a. ed
Collection:Analecta Humanitatis, 26
Sujets:
Tags: Ajouter un tag
Pas de tags, Soyez le premier à ajouter un tag!

MARC

LEADER 00000cam a2200000 a 4500
001 UCD8615
003 CL-VaPUC
008 170519e20130000it |||||||||||||||||ita|d
020 |a 9788877968050 
082 0 4 |a 930.1  |b ARE  |2 21 
100 0 |a Arena, Gaetano  |e author  |9 592111 
245 1 3 |a Il farmaco e l'unguento: la produzione di Priene fra Ellenismo e Impero 
250 |a 1a. ed 
300 |a 239 p 
942 |c BK 
945 |d 20170519 15:42:00  |a dcastane 
260 |a Roma  |b Bonanno  |c 2013 
650 0 |a Arqueología   |9 265619 
650 7 |a EXCAVACIONES ARQUEOLOGICAS  |2 CL-VaPUC  |9 310948 
651 7 |a ASIA MENOR  |2 CL-VaPUC  |9 400482 
583 |a last modification  |c 20170519 15:42:00  |k Rodrigo Vera 
490 0 |a Analecta Humanitatis, 26 
999 |c 367971  |d 367969 
952 |0 0  |1 0  |3 erb  |4 0  |6 930_100000000000000_ARE_2013  |7 0  |8 A  |9 483203  |a FDOLAF  |b FDOLAF  |e Laffi, Umberto, 1939-  |i 5391776  |o 930.1 ARE 2013  |p 5391776  |r 2024-01-30  |w 2019-11-24  |y BK  |z Catalogado en:20170519  |k LAF